[Event "Cto Aragon Equipos 2016 Pref Gr II"]
[Site "Aragon"]
[Date "2016.02.27"]
[Round "5.53"]
[White "Campo Millan, Diego"]
[Black "Ramiro Ovejero, Juan Luis"]
[Result "0-1"]
[WhiteElo "2062"]
[BlackElo "2370"]
[PlyCount "90"]
[EventDate "2016.01.30"]
[WhiteTeam "Delicias B"]
[BlackTeam "Jaime Casas B"]

1. e4 d6 2. d4 Nf6 3. Nc3 Nbd7 4. g3 e5 5. Nge2 Be7 6. Bg2 O-O 7. O-O c6 8. a4
Re8 9. h3 Bf8 10. Re1 g6 11. Be3 exd4 12. Bxd4 Nc5 13. Nf4 a5 14. Qd2 Nfd7 15.
Rad1 Qe7 16. Kh2 Ne5 17. b3 h5 18. Nfe2 h4 19. f4 hxg3+ 20. Kxg3 Ned7 21. Ng1
Nf6 22. Kh2 Bh6 23. Qf2 Nh5 24. Nge2 Ne6 25. Be3 Neg7 26. Bd4 f5 27. e5 d5 28.
Bc5 Qf7 29. Be3 Ne6 30. Rf1 Kh7 31. Qh4 Bf8 32. Nb1 Rd8 33. Qf2 Be7 34. Nd4
Nxd4 35. Bxd4 g5 36. Be3 g4 37. Qe2 Rg8 38. Rg1 Be6 39. Nd2 Rg7 40. hxg4 fxg4
41. Rh1 Rh8 42. Kg1 Kg8 43. Qf2 Qf5 44. c4 Qc2 45. cxd5 Qxd1+ 0-1

[Event "Cto Aragon Equipos 2016 Pref Gr II"]
[Site "Aragon"]
[Date "2016.02.27"]
[Round "5.55"]
[White "Sarrio Bambo, Pablo"]
[Black "Buil Rello, Jose Antonio"]
[Result "1-0"]
[WhiteElo "1848"]
[BlackElo "1879"]
[PlyCount "55"]
[EventDate "2016.01.30"]
[WhiteTeam "Delicias B"]
[BlackTeam "Jaime Casas B"]

1. d4 Nf6 2. c4 d6 3. Nc3 Nbd7 4. e4 e5 5. d5 Be7 6. f3 c5 7. Be3 a6 8. Bd3 b6
9. Nge2 Nh5 10. O-O Bg5 11. Qd2 Bxe3+ 12. Qxe3 h6 13. g4 Nhf6 14. Ng3 g6 15. h3
h5 16. g5 Nh7 17. h4 O-O 18. Nf5 gxf5 19. exf5 Kh8 20. Kf2 Rg8 21. Rg1 f6 22.
g6 Qf8 23. gxh7 Kxh7 24. Ne4 Bb7 25. Rxg8 Kxg8 26. Rg1+ Kf7 27. Rg6 Ke7 28. Qh6
1-0

[Event "Cto Aragon Equipos 2016 Pref Gr II"]
[Site "Aragon"]
[Date "2016.02.27"]
[Round "5.56"]
[White "Olivan Alvira, Alejandro"]
[Black "Aranda Lozano, Jorge"]
[Result "1-0"]
[WhiteElo "1529"]
[BlackElo "1719"]
[PlyCount "74"]
[EventDate "2016.01.30"]
[WhiteTeam "Jaime Casas B"]
[BlackTeam "Delicias B"]

1. c4 e5 2. Nc3 Nf6 3. Nf3 Nc6 4. e4 Bc5 5. d3 h6 6. a3 Ng4 7. d4 exd4 8. Na4
Be7 9. Nxd4 Nge5 10. Be2 O-O 11. O-O Nxd4 12. Qxd4 Bf6 13. Qd1 b6 14. Nc3 Ng6
15. Qc2 Re8 16. f3 Bd4+ 17. Kh1 c5 18. Nb5 Bf6 19. Rd1 Re6 20. Be3 Be7 21. Rd2
a6 22. Nc3 Bg5 23. Nd1 Bxe3 24. Nxe3 Qg5 25. Nd5 Rb8 26. Rf1 Nh4 27. Bd3 Bb7
28. Rdf2 Ng6 29. f4 Nxf4 30. Rxf4 Rf8 31. Qf2 f6 32. Rf5 Qg6 33. Qf3 Qf7 34.
Nc7 Rd6 35. Rh5 g5 36. Nd5 Bxd5 37. cxd5 Re8 1-0

[Event "Cto Aragon Equipos 2016 Pref Gr II"]
[Site "Aragon"]
[Date "2016.02.27"]
[Round "5.58"]
[White "Cebollada Pacheco, Jesus Raul"]
[Black "Fuentes Espuna, Juan Antonio"]
[Result "1-0"]
[WhiteElo "2015"]
[BlackElo "1956"]
[PlyCount "135"]
[EventDate "2016.01.30"]
[WhiteTeam "St. Casablanca D"]
[BlackTeam "L'Aurora Estadilla B"]

1. e4 c5 2. Nf3 Nc6 3. d4 cxd4 4. Nxd4 g6 5. c4 Bg7 6. Be3 d6 7. Nc3 Nf6 8. Be2
O-O 9. O-O a6 10. Qd2 Ng4 11. Bxg4 Bxg4 12. Rac1 Ne5 13. b3 Bd7 14. h3 Rb8 15.
Rfd1 Nc6 16. Nde2 Be6 17. Nd5 Bxd5 18. cxd5 Ne5 19. Rc2 Nd7 20. Rdc1 Nc5 21.
Bxc5 dxc5 22. Rxc5 Qd6 23. Qc2 f5 24. Rc7 Be5 25. Rc4 fxe4 26. Qxe4 Rbd8 27. f4
Qb6+ 28. Kh2 Bd6 29. Rf1 g5 30. Kh1 Rf6 31. Rc3 Rdf8 32. Rg3 h6 33. Rgf3 Kg7
34. Ng3 Kh8 35. Nh5 gxf4 36. Nxf6 Rxf6 37. Qc4 Qa5 38. Qc3 Qxa2 39. Qc8+ Kg7
40. Qxb7 Qe2 41. Qa7 Qb5 42. Qd4 Bc5 43. Qc4 Qxc4 44. bxc4 a5 45. Rxf4 Rb6 46.
Rg4+ Kh7 47. Rf7+ Kh8 48. Rf8+ Kh7 49. Ra8 Rb1+ 50. Kh2 Bd6+ 51. g3 Rb2+ 52.
Kg1 Bc5+ 53. Kf1 Rf2+ 54. Ke1 Rh2 55. Kd1 Bb4 56. h4 Ra2 57. Kc1 Bc3 58. c5 Bf6
59. Ra6 h5 60. Rc4 Ra1+ 61. Kc2 Ra2+ 62. Kb3 Rb2+ 63. Ka4 Be5 64. Re6 Bxg3 65.
Rxe7+ Kg6 66. c6 Rb8 67. c7 Rc8 68. d6 1-0

[Event "Cto Aragon Equipos 2016 Pref Gr II"]
[Site "Aragon"]
[Date "2016.02.27"]
[Round "5.59"]
[White "Puertolas Serena, Arturo"]
[Black "Garcia Andres, Daniel"]
[Result "0-1"]
[WhiteElo "1846"]
[BlackElo "2001"]
[PlyCount "163"]
[EventDate "2016.01.30"]
[WhiteTeam "L'Aurora Estadilla B"]
[BlackTeam "St. Casablanca D"]

1. d4 c5 2. e3 Nf6 3. Nf3 d5 4. b3 Nc6 5. Bb2 Bf5 6. Bd3 Bxd3 7. Qxd3 Qa5+ 8.
c3 cxd4 9. exd4 e6 10. O-O Rc8 11. a4 Be7 12. Qb5 O-O 13. Nbd2 Qc7 14. Qd3 Qf4
15. Rfe1 Qf5 16. Qxf5 exf5 17. Ne5 Bd6 18. f3 Rfe8 19. Nxc6 Rxe1+ 20. Rxe1 Rxc6
21. g3 g5 22. Re2 h5 23. c4 Bb4 24. c5 Re6 25. Kf2 g4 26. Nf1 gxf3 27. Kxf3 Ne4
28. Rc2 Kg7 29. Bc1 Kg6 30. Be3 Nf6 31. Bd2 Bxd2 32. Nxd2 Ng4 33. Nf1 Re1 34.
Kg2 Rxf1 35. c6 Ne3+ 36. Kh3 bxc6 37. Rxc6+ f6 38. b4 f4 39. Re6 Kf5 40. Re7
Nc2 41. gxf4 Rxf4 42. b5 Rxd4 43. Rxa7 Rd3+ 44. Kg2 Ne3+ 45. Kf2 Nc4 46. a5 Rb3
47. b6 Nd6 48. Rd7 Ke6 49. Rh7 Rb5 50. Ra7 Nc4 51. b7 Nxa5 52. Rxa5 Rxb7 53.
Ra8 Rb5 54. Re8+ Kf7 55. Rd8 Ke7 56. Rh8 d4 57. Kf3 Re5 58. Ra8 d3 59. Ra3 Rd5
60. Ra1 d2 61. Ke2 Ke6 62. Kd1 Ke5 63. Ra4 Kf5 64. Rb4 Kg5 65. Ra4 f5 66. h4+
Kf6 67. Rb4 Ke5 68. Rb8 f4 69. Rg8 Kf6 70. Rf8+ Ke5 71. Re8+ Kf5 72. Rg8 Ke4
73. Re8+ Kf3 74. Rg8 Ke3 75. Re8+ Kf2 76. Re2+ Kf1 77. Re4 f3 78. Re6 Kg2 79.
Rg6+ Kh3 80. Rf6 Rd3 81. Rf4 Kg3 82. Rf7 0-1

[Event "Cto Aragon Equipos 2016 Pref Gr II"]
[Site "Aragon"]
[Date "2016.02.27"]
[Round "5.60"]
[White "Abad Vinas, Jesus Manuel"]
[Black "Rodriguez Avellanas, Jose Manu"]
[Result "1-0"]
[WhiteElo "1752"]
[BlackElo "1784"]
[PlyCount "67"]
[EventDate "2016.01.30"]
[WhiteTeam "St. Casablanca D"]
[BlackTeam "L'Aurora Estadilla B"]

1. c4 Nf6 2. Nf3 g6 3. g3 Bg7 4. Bg2 O-O 5. O-O d6 6. Nc3 e5 7. d3 Nc6 8. Rb1
Be6 9. e4 Qd7 10. Ng5 Bg4 11. f3 Be6 12. Nxe6 fxe6 13. b4 Nd4 14. Be3 Rab8 15.
a4 a6 16. b5 axb5 17. Nxb5 Nxb5 18. axb5 d5 19. Bh3 d4 20. Bd2 c5 21. bxc6 Qxc6
22. Qb3 Rfe8 23. Qb5 Qxb5 24. Rxb5 Nd7 25. Rfb1 b6 26. Ra1 Rb7 27. Kf2 Kf7 28.
Rab1 Reb8 29. Ke2 Ra8 30. c5 Rc7 31. cxb6 Rb7 32. R1b2 Bf8 33. f4 Bh6 34. f5
1-0

[Event "Cto Aragon Equipos 2016 Pref Gr II"]
[Site "Aragon"]
[Date "2016.02.27"]
[Round "5.62"]
[White "Faro Perella, Alberto"]
[Black "Gaspar Calvo, Luis Alberto"]
[Result "0-1"]
[WhiteElo "1966"]
[BlackElo "1930"]
[PlyCount "70"]
[EventDate "2016.01.30"]
[WhiteTeam "Binefar"]
[BlackTeam "Marcos Frechin B"]

1. d4 Nf6 2. Nf3 e6 3. e3 b6 4. Bd3 Bb7 5. O-O c5 6. Nbd2 cxd4 7. exd4 Be7 8.
Re1 O-O 9. c3 Qc7 10. Ng5 h6 11. Nge4 Nxe4 12. Nxe4 f5 13. Ng3 Qc6 14. f3 Bh4
15. Re2 Na6 16. Bd2 Nc7 17. Qc1 Bxg3 18. hxg3 Rf6 19. Kf2 Re8 20. Qh1 d6 21.
Rae1 Qd7 22. c4 e5 23. d5 b5 24. b3 bxc4 25. bxc4 e4 26. Bc2 Na6 27. Qh5 Nc5
28. fxe4 fxe4+ 29. Kg1 Ba6 30. Bxe4 Nxe4 31. Rxe4 Rxe4 32. Rxe4 Qa4 33. Qe8+
Qxe8 34. Rxe8+ Kf7 35. Rc8 Bxc8 0-1

[Event "Cto Aragon Equipos 2016 Pref Gr II"]
[Site "Aragon"]
[Date "2016.02.27"]
[Round "5.63"]
[White "Ruiperez Gumiel, Ramon"]
[Black "Bayona Bafaluy, Jose Maria"]
[Result "1-0"]
[WhiteElo "1872"]
[BlackElo "1823"]
[PlyCount "107"]
[EventDate "2016.01.30"]
[WhiteTeam "Marcos Frechin B"]
[BlackTeam "Binefar"]

1. e4 c5 2. b4 b6 3. bxc5 bxc5 4. Bc4 Nc6 5. Nf3 Rb8 6. O-O g6 7. d4 Bg7 8. c3
cxd4 9. cxd4 Rb4 10. Qd3 Qb6 11. a3 Rxc4 12. Qxc4 Ba6 13. Qc2 Nxd4 14. Nxd4
Bxd4 15. Nc3 Bxf1 16. Rb1 Qd8 17. Kxf1 Nf6 18. Nb5 Bb6 19. Bh6 Ng4 20. Qc3 f6
21. Bf4 e5 22. Bg3 O-O 23. h3 Nh6 24. Rd1 a6 25. Qb3+ Kh8 26. Nc3 Bd4 27. Nd5
d6 28. Qb7 a5 29. Nc7 Rf7 30. Ne6 Rxb7 31. Nxd8 Rb3 32. Nc6 Bc5 33. Nxa5 Rxa3
34. Nc4 Ra6 35. Rb1 Ra4 36. Rb8+ Kg7 37. Nb6 Rxe4 38. Nc8 Bb4 39. f3 Rc4 40.
Be1 Bc5 41. Rb7+ Nf7 42. Bf2 Rc1+ 43. Ke2 Rc2+ 44. Kd3 Rxf2 45. Kc4 Rxg2 46.
Kd5 Kf8 47. Rb8 Rd2+ 48. Ke6 Kg7 49. Rb7 f5 50. Rxf7+ Kh6 51. Ne7 e4 52. f4 g5
53. Nxf5+ Kg6 54. Rf6+ 1-0

[Event "Cto Aragon Equipos 2016 Pref Gr II"]
[Site "Aragon"]
[Date "2016.02.27"]
[Round "5.64"]
[White "Arino Castan, Federico"]
[Black "Obon Zuniga, Francisco"]
[Result "1-0"]
[WhiteElo "1761"]
[BlackElo "1808"]
[PlyCount "69"]
[EventDate "2016.01.30"]
[WhiteTeam "Binefar"]
[BlackTeam "Marcos Frechin B"]

1. d4 d5 2. c4 e6 3. Nc3 Nf6 4. Nf3 Be7 5. Bg5 O-O 6. e3 c6 7. Bd3 Nbd7 8. O-O
Re8 9. Qc2 dxc4 10. Bxc4 Nd5 11. Bxe7 Qxe7 12. a3 Nxc3 13. bxc3 e5 14. a4 exd4
15. exd4 Nf8 16. Rfe1 Be6 17. h4 Qc7 18. Bd3 h6 19. Re3 Rad8 20. Rae1 c5 21.
dxc5 Qxc5 22. Nd4 Bd7 23. Qb3 Rxe3 24. Rxe3 b6 25. Bc4 Qh5 26. Rf3 Be8 27. Rf5
Qxh4 28. Bxf7+ Kh8 29. Bc4 Bg6 30. Re5 Re8 31. Qb5 Rxe5 32. Qxe5 Qd8 33. f4 Nh7
34. f5 Qe8 35. Ne6 1-0

[Event "Cto Aragon Equipos 2016 Pref Gr II"]
[Site "Aragon"]
[Date "2016.02.27"]
[Round "5.65"]
[White "Lopez Caudevilla, David"]
[Black "Accattato Martin, Mario"]
[Result "1-0"]
[WhiteElo "2031"]
[BlackElo "2240"]
[PlyCount "143"]
[EventDate "2016.01.30"]
[WhiteTeam "Actur Rey Fernando"]
[BlackTeam "Monzon"]

1. d4 d5 2. c4 c6 3. Nf3 Nf6 4. g3 g6 5. Bg2 Bg7 6. O-O O-O 7. Nc3 Bf5 8. Re1
Nbd7 9. Ne5 Nxe5 10. dxe5 Ne4 11. cxd5 Nxc3 12. bxc3 cxd5 13. Qxd5 Qxd5 14.
Bxd5 Bxe5 15. Bb2 Rad8 16. e4 Bh3 17. Rad1 e6 18. Bb3 g5 19. Ba3 Rfe8 20. Rxd8
Rxd8 21. Be7 Rd7 22. Bxg5 Bxc3 23. Rc1 Bb2 24. Rb1 Bd4 25. Rc1 Bb2 26. Rb1 Bd4
27. Rc1 b5 28. Bd1 Kg7 29. Be2 b4 30. Bb5 Rb7 31. Ba4 e5 32. Bb3 h6 33. Bd2 a5
34. Rc6 Bd7 35. Ra6 Ra7 36. Bxh6+ Kg8 37. Rg6+ Kh7 38. Bxf7 Bc6 39. Rxc6 Rxf7
40. Be3 Bxe3 41. fxe3 Rf3 42. Ra6 Rxe3 43. Rxa5 Rxe4 44. Kf2 Kg6 45. a3 Kf5 46.
Kf3 Rc4 47. axb4 Rxb4 48. g4+ Kf6 49. Kg3 Rb6 50. Ra8 Re6 51. Ra3 Rd6 52. h4
Kg6 53. Rf3 Rd1 54. h5+ Kh6 55. Rf6+ Kg7 56. Rf5 Rd3+ 57. Kh4 e4 58. Re5 e3 59.
Kg5 Rb3 60. Kf4 Rb4+ 61. Kf3 Kh6 62. Rxe3 Rb6 63. Kg3 Ra6 64. Kh4 Ra5 65. g5+
Kg7 66. h6+ Kh7 67. Kh5 Ra8 68. Re7+ Kg8 69. Re5 Rb8 70. g6 Ra8 71. h7+ Kh8 72.
Kh6 1-0

[Event "Cto Aragon Equipos 2016 Pref Gr II"]
[Site "Aragon"]
[Date "2016.02.27"]
[Round "5.66"]
[White "Citoler Serrat, Adriano"]
[Black "Aviol Perez, Jose Mariano"]
[Result "1-0"]
[WhiteElo "1936"]
[BlackElo "1821"]
[PlyCount "57"]
[EventDate "2016.01.30"]
[WhiteTeam "Monzon"]
[BlackTeam "Actur Rey Fernando"]

1. e4 d6 2. d4 Nf6 3. Nc3 g6 4. Nf3 Bg7 5. Be2 c5 6. dxc5 Qa5 7. Bb5+ Nc6 8.
O-O O-O 9. Bxc6 bxc6 10. cxd6 Rd8 $138 11. e5 Ne8 12. Bf4 Bg4 13. h3 Bxf3 14.
Qxf3 exd6 15. exd6 Nxd6 16. Rad1 Nc4 17. Qxc6 $138 Rac8 18. Qb7 Qf5 19. Nd5 Re8
20. b3 Nb2 21. Rde1 Rcd8 22. Ne7+ Rxe7 23. Qxe7 Bf6 24. Qe4 Qa5 25. Bh6 Bg7 26.
Qe8+ Bf8 27. Qe3 Bxh6 28. Qxh6 Qxa2 29. Ra1 1-0

[Event "Cto Aragon Equipos 2016 Pref Gr II"]
[Site "Aragon"]
[Date "2016.02.27"]
[Round "5.67"]
[White "Fernandez Sierra, Pedro Jose"]
[Black "Barranco Mananet, Fernando"]
[Result "0-1"]
[WhiteElo "1670"]
[BlackElo "1837"]
[PlyCount "96"]
[EventDate "2016.01.30"]
[WhiteTeam "Actur Rey Fernando"]
[BlackTeam "Monzon"]

1. e4 c5 2. Nf3 e6 3. d4 cxd4 4. Nxd4 Nc6 5. Nc3 Qc7 6. Be3 a6 7. Qd2 Nf6 8. f3
b5 9. O-O-O Bb7 10. g4 Rc8 11. h4 Bb4 12. a3 Ba5 13. Nb3 Bxc3 14. Qxc3 b4 15.
axb4 Nxb4 16. Qxc7 Rxc7 17. Rh2 d5 18. Bf4 Rc8 19. Bd6 Nc6 20. Nc5 Nd8 21. e5
Nd7 22. Nxa6 Bxa6 23. Bxa6 Ra8 24. Be2 Nb7 25. Ba3 Nxe5 26. Bb5+ Kd8 27. Kb1
Kc7 28. Rf2 Ra5 29. Be2 Rd8 30. f4 Nc6 31. f5 e5 32. c4 d4 33. Bf3 f6 34. g5
Re8 35. gxf6 gxf6 36. Rg2 e4 37. Bh5 Rd8 38. Rg7+ Rd7 39. Rdg1 Ne5 40. Rxd7+
Kxd7 41. Rg7+ Kc6 42. Rxh7 Nxc4 43. Be8+ Kb6 44. Be7 Rxf5 45. h5 Rf1+ 46. Ka2
e3 47. Bb4 Rf2 48. Rd7 Rxb2+ 0-1

[Event "Cto Aragon Equipos 2016 Pref Gr II"]
[Site "Aragon"]
[Date "2016.02.27"]
[Round "5.68"]
[White "Garreta Nieto, Maria"]
[Black "Arbiol Val, Sergio"]
[Result "1-0"]
[WhiteElo "1615"]
[BlackElo "1552"]
[PlyCount "133"]
[EventDate "2016.01.30"]
[WhiteTeam "Monzon"]
[BlackTeam "Actur Rey Fernando"]

1. e4 e5 2. Nf3 Nc6 3. d4 exd4 4. Nxd4 Nf6 5. Nc3 Bb4 6. Nxc6 bxc6 7. Bd3 O-O
8. O-O Re8 9. Bg5 h6 10. Bh4 d5 11. exd5 Bxc3 12. bxc3 cxd5 13. Rb1 Qd6 14. Qd2
Ne4 15. Bxe4 dxe4 16. Qxd6 cxd6 17. Rfd1 Be6 18. a3 d5 19. Bg3 f6 20. Rd4 Rac8
21. Rb3 Rc6 22. f3 Rec8 23. Be1 f5 24. Kf2 Rc5 25. Ke3 Bd7 26. Rb7 Bb5 27. Rxa7
Bc4 28. Ra4 Rb8 29. Rb4 Ra8 30. a4 Rca5 31. Rd1 Rxa4 32. Rxa4 Rxa4 33. Bg3 g5
34. f4 Ra3 35. Be1 Ra2 36. Rc1 Kf7 37. g3 Kg6 38. Bf2 Kh5 39. h3 Bf1 40. Rxf1
Rxc2 41. Kd4 Rd2+ 42. Ke5 Kg6 43. h4 Rd3 44. hxg5 hxg5 45. Rg1 e3 46. Be1 Rd1
47. Ke6 d4 48. cxd4 Rxd4 49. Rg2 Rd1 50. Re2 Rd3 51. Bb4 Rd4 52. Bd6 Re4+ 53.
Be5 Ra4 54. Rxe3 gxf4 55. gxf4 Ra6+ 56. Bd6 Ra5 57. Rg3+ Kh7 58. Be5 Ra6+ 59.
Kxf5 Rc6 60. Ke4 Ra6 61. Kd5 Kh6 62. Bd6 Ra7 63. Ke6 Kh7 64. f5 Ra2 65. f6 Re2+
66. Kf7 Kh6 67. Bf8+ 1-0

[Event "Cto Aragon Equipos 2016 Pref Gr II"]
[Site "Aragon"]
[Date "2016.02.27"]
[Round "5.69"]
[White "Malo Guillen, Jose Luis"]
[Black "Guetas Sanchez, Hugo"]
[Result "1-0"]
[WhiteElo "2148"]
[BlackElo "2164"]
[PlyCount "107"]
[EventDate "2016.01.30"]
[WhiteTeam "Las Fuentes"]
[BlackTeam "SMA Barbastro"]

1. d4 Nf6 2. c4 e6 3. Nf3 Bb4+ 4. Nbd2 b6 5. g3 Bb7 6. Bg2 O-O 7. O-O d5 8. Qc2
Qe7 9. a3 Bd6 10. e4 Nxe4 11. Nxe4 dxe4 12. Nd2 f5 13. b4 c5 14. dxc5 bxc5 15.
b5 Be5 16. Bb2 Nd7 17. a4 Qf6 18. Rab1 Bxb2 19. Rxb2 Ne5 20. Rb3 Rad8 21. a5
Qh6 22. Rd1 Rd4 23. a6 Ba8 24. b6 axb6 25. Rxb6 e3 26. Nf1 exf2+ 27. Kxf2 f4
28. Bxa8 fxg3+ 29. Kg1 gxh2+ 30. Nxh2 Qe3+ 31. Kh1 Rf2 32. Rb8+ Kf7 33. Rf1
Rdd2 34. Qb1 Nd3 35. Qb7+ Kg6 36. Qe4+ Qxe4+ 37. Bxe4+ Kh5 38. Bf3+ Kh4 39.
Rxf2 Nxf2+ 40. Kg1 Nh3+ 41. Kf1 Ra2 42. Bb7 Kg3 43. Nf3 Nf4 44. Rd8 Ra1+ 45.
Ne1 Ra2 46. Nf3 Ra1+ 47. Ne1 Ra2 48. Rd3+ Nxd3 49. Nxd3 h5 50. Nxc5 h4 51. Nxe6
h3 52. Nxg7 Rf2+ 53. Ke1 Rf3 54. Bxf3 1-0

[Event "Cto Aragon Equipos 2016 Pref Gr II"]
[Site "Aragon"]
[Date "2016.02.27"]
[Round "5.70"]
[White "Avellanas Pau, Miguel Angel"]
[Black "Alonso Blasco, Jose Miguel"]
[Result "1-0"]
[WhiteElo "1883"]
[BlackElo "2064"]
[PlyCount "55"]
[EventDate "2016.01.30"]
[WhiteTeam "SMA Barbastro"]
[BlackTeam "Las Fuentes"]

1. e4 c6 2. d4 d5 3. Nc3 dxe4 4. Nxe4 Nf6 5. Nxf6+ gxf6 6. c3 Qd5 7. Nf3 Bg4 8.
Be2 Nd7 9. Qb3 Qxb3 10. axb3 e5 11. Be3 a6 12. h3 Be6 13. b4 Rd8 14. O-O Bg7
15. Rad1 O-O 16. dxe5 fxe5 17. Ng5 Bb3 18. Rd2 Nf6 19. f4 Rxd2 20. Bxd2 e4 21.
h4 Rd8 22. Be3 Nd5 23. Kf2 f5 24. Ne6 Nxe3 25. Nxd8 Nxf1 26. Bxf1 b5 27. Nxc6
Bd5 28. Ne7+ 1-0

[Event "Cto Aragon Equipos 2016 Pref Gr II"]
[Site "Aragon"]
[Date "2016.02.27"]
[Round "5.72"]
[White "Sanclemente Aragues, Angel"]
[Black "Mombiela De Sus, Jose Luis"]
[Result "0-1"]
[WhiteElo "1699"]
[BlackElo "1926"]
[PlyCount "74"]
[EventDate "2016.01.30"]
[WhiteTeam "SMA Barbastro"]
[BlackTeam "Las Fuentes"]

1. d4 f5 2. Bf4 Nf6 3. Nf3 e6 4. Nc3 Bb4 5. e3 d6 6. Bd3 Nc6 7. O-O Qe7 8. Bg5
Bxc3 9. bxc3 e5 10. e4 f4 11. Bb5 Bd7 12. d5 Nb8 13. Bxf6 Qxf6 14. Bxd7+ Nxd7
15. Nd2 O-O 16. Qf3 g5 17. Rab1 Rab8 18. Rb4 Qg6 19. Qh3 g4 20. Qh4 Rf7 21. Re1
b6 22. a4 a5 23. Rc4 Nf6 24. h3 h5 25. Kh1 Rbf8 26. f3 Rg7 27. Qf2 Kh8 28. Re2
Rfg8 29. Qf1 gxh3 30. gxh3 Qf7 31. Kh2 Rg3 32. Rf2 R8g7 33. Qe2 Qd7 34. Qf1 Nh7
35. h4 Qe7 36. Kh1 Qxh4+ 37. Rh2 Qg5 0-1

[Event "Cto Aragon Equipos 2016 D Honor Gr II"]
[Site "Aragon"]
[Date "2016.03.05"]
[Round "6.1"]
[White "Del Rey, Diego"]
[Black "Garcia Fernandez, Javier"]
[Result "1-0"]
[WhiteElo "2388"]
[BlackElo "2173"]
[PlyCount "83"]
[EventDate "2016.??.??"]
[WhiteTeam "El Olivar A"]
[BlackTeam "Teruel"]

1. d4 Nf6 2. Nf3 e6 3. Bg5 c5 4. Bxf6 Qxf6 5. c3 Nc6 6. e4 cxd4 7. cxd4 Bb4+ 8.
Nc3 a6 9. a3 Ba5 10. e5 Qe7 11. Bd3 d6 12. Rc1 Bb6 13. O-O dxe5 14. dxe5 O-O
15. Qe2 Rd8 16. Rfd1 Bd7 17. Qe4 g6 18. Qf4 Be8 19. Ne4 Kg7 20. Nd6 Kg8 21. Ne4
Kg7 22. Nf6 Bc7 23. Ng4 Kg8 24. Qh6 f6 25. exf6 Qf8 26. Qg5 Kh8 27. Qe3 h5 28.
Nge5 Qxf6 29. Nxg6+ Kg7 30. Nfh4 Rd4 31. Be4 Bb6 32. Qe2 Rxe4 33. Qxe4 Bxg6 34.
Nxg6 Qxg6 35. Rd7+ Kf6 36. Qh4+ Kf5 37. Rc4 e5 38. Qe4+ Kg5 39. h4+ Kh6 40.
Qxg6+ Kxg6 41. Rxb7 Bxf2+ 42. Kxf2 1-0

[Event "Cto Aragon Equipos 2016 D Honor Gr II"]
[Site "Aragon"]
[Date "2016.03.05"]
[Round "6.2"]
[White "Dominguez Bujeda, Jesus"]
[Black "Chueca Forcen, Alberto"]
[Result "0-1"]
[WhiteElo "2119"]
[BlackElo "2267"]
[PlyCount "24"]
[EventDate "2016.??.??"]
[WhiteTeam "Teruel"]
[BlackTeam "El Olivar A"]

1. d4 d5 2. c4 dxc4 3. e4 Nf6 4. Nc3 e5 5. Nf3 exd4 6. Qxd4 Qxd4 7. Nxd4 Bc5 8.
Ndb5 Na6 9. Bxc4 c6 10. Na3 b5 11. Bd3 b4 12. Na4 b3 0-1

[Event "Cto Aragon Equipos 2016 D Honor Gr II"]
[Site "Aragon"]
[Date "2016.03.05"]
[Round "6.3"]
[White "Newrkla, Katharina"]
[Black "Martin Catalan, Juan Vicente"]
[Result "1-0"]
[WhiteElo "2210"]
[BlackElo "2045"]
[PlyCount "37"]
[EventDate "2016.??.??"]
[WhiteTeam "El Olivar A"]
[BlackTeam "Teruel"]

1. e4 d5 2. exd5 Qxd5 3. Nc3 Qa5 4. d4 Nf6 5. Bc4 c6 6. Nf3 Bg4 7. Bd2 Qd8 8.
Bxf7+ Kxf7 9. Ne5+ Kg8 10. Nxg4 Qxd4 11. Nxf6+ exf6 12. O-O Bb4 13. Qe2 Nd7 14.
Qe6+ Kf8 15. Be3 Qd6 16. Qxd6+ Bxd6 17. Rad1 Ke7 18. Rfe1 Ne5 19. f4 1-0

[Event "Cto Aragon Equipos 2016 D Honor Gr II"]
[Site "Aragon"]
[Date "2016.03.05"]
[Round "6.4"]
[White "Barcena Laguia, Francisco"]
[Black "Hernando Garcia, Antonio"]
[Result "0-1"]
[WhiteElo "1932"]
[BlackElo "2164"]
[PlyCount "38"]
[EventDate "2016.??.??"]
[WhiteTeam "Teruel"]
[BlackTeam "El Olivar A"]

1. e4 d5 2. Nf3 dxe4 3. Ng5 Bf5 4. Nc3 Nf6 5. Bc4 e6 6. d3 Bg4 7. Ne2 exd3 8.
Bxd3 c6 9. h3 Bh5 10. g4 Bg6 11. Nf4 Bxd3 12. cxd3 Qa5+ 13. Kf1 Qxg5 14. Nxe6
Qe5 15. Qb3 fxe6 16. Qxb7 Qd5 17. Qc8+ Kf7 18. Rg1 Qxd3+ 19. Kg2 Qd7 0-1

[Event "Cto Aragon Equipos 2016 D Honor Gr II"]
[Site "Aragon"]
[Date "2016.03.05"]
[Round "6.6"]
[White "Roque Sola, Jose Luis"]
[Black "Lopez Gracia, Fernando"]
[Result "1-0"]
[WhiteElo "2066"]
[BlackElo "2346"]
[PlyCount "89"]
[EventDate "2016.??.??"]
[WhiteTeam "Agrupacion B"]
[BlackTeam "St. Casablanca A"]

1. e4 e5 2. Nf3 Nc6 3. Bb5 Nd4 4. Nxd4 exd4 5. c3 Bc5 6. O-O c6 7. Bc4 h5 8. b4
Bb6 9. Bb2 d5 10. exd5 cxd5 11. Bb5+ Kf8 12. cxd4 Ne7 13. Be2 Nf5 14. Nc3 h4
15. Bg4 Nxd4 16. Bxc8 Rxc8 17. Na4 Rh6 18. Nxb6 Qxb6 19. Qg4 Rc4 20. Bxd4 Qxd4
21. Qd7 Kg8 22. Rae1 Rg6 23. Re8+ Kh7 24. Qxf7 Qg4 25. g3 hxg3 26. hxg3 Re4 27.
Rd8 Qe6 28. Qxe6 Rgxe6 29. Rxd5 Rxb4 30. Rc1 g6 31. Rc7+ Kh6 32. Rdd7 Rb2 33.
Rxb7 Rxa2 34. Rxa7 Rc2 35. Rd5 Rc1+ 36. Kg2 Rd1 37. Rad7 Rde1 38. R5d6 R6e5 39.
Rd3 Rh5 40. Rf7 Rd1 41. Rdd7 Rb5 42. Kh3 Rf5 43. Rh7+ Kg5 44. f4+ Kf6 45. Rd6#
1-0

[Event "Cto Aragon Equipos 2016 D Honor Gr II"]
[Site "Aragon"]
[Date "2016.03.05"]
[Round "6.7"]
[White "Chueca Lorente, Javier"]
[Black "Roque Sola, Gisela"]
[Result "1-0"]
[WhiteElo "2092"]
[BlackElo "2012"]
[PlyCount "105"]
[EventDate "2016.??.??"]
[WhiteTeam "St. Casablanca A"]
[BlackTeam "Agrupacion B"]

1. c4 b6 2. Nf3 Bb7 3. g3 Bxf3 4. exf3 c5 5. d4 cxd4 6. Qxd4 Nc6 7. Qe3 e6 8.
Nc3 Bc5 9. Qd2 Nge7 10. a3 Nd4 11. Qd1 a5 12. Bg2 Nec6 13. Be3 Nf5 14. Bxc5
bxc5 15. Ne4 Qe7 16. O-O Ncd4 17. f4 Rb8 18. Rb1 O-O 19. b4 axb4 20. axb4 d6
21. bxc5 dxc5 22. Qd2 Nb3 23. Qc3 Nfd4 24. Rfe1 Qa7 25. h4 h6 26. Kh2 Rfd8 27.
Red1 Qc7 28. Qe3 Nc2 29. Rxd8+ Qxd8 30. Qc3 Ncd4 31. Nxc5 Nxc5 32. Rxb8 Qxb8
33. Qxd4 Qc7 34. Qa1 Qd8 35. Qe5 Nd3 36. Qe3 Qd6 37. Be4 Nc5 38. f5 Qe5 39. f4
Qxe4 40. Qxc5 Qc2+ 41. Kh3 Qxf5+ 42. Qxf5 exf5 43. Kg2 Kf8 44. Kf3 Ke7 45. Ke3
g6 46. Kd4 f6 47. Kd5 Kd7 48. c5 g5 49. c6+ Kc7 50. Kc5 gxh4 51. gxh4 Kc8 52.
Kd6 Kd8 53. c7+ 1-0

[Event "Cto Aragon Equipos 2016 D Honor Gr II"]
[Site "Aragon"]
[Date "2016.03.05"]
[Round "6.8"]
[White "Serrat Claver, David"]
[Black "Goni Navarro, Pablo"]
[Result "0-1"]
[WhiteElo "1815"]
[BlackElo "2060"]
[PlyCount "84"]
[EventDate "2016.??.??"]
[WhiteTeam "Agrupacion B"]
[BlackTeam "St. Casablanca A"]

1. e4 c5 2. d4 cxd4 3. c3 dxc3 4. Nxc3 Nc6 5. Bc4 e6 6. Nf3 a6 7. O-O Nge7 8.
Bg5 h6 9. Be3 b5 10. Bb3 Bb7 11. Bc5 Rc8 12. Bd6 Na5 13. Ne5 Nxb3 14. axb3 Ng6
15. Nxg6 fxg6 16. Bxf8 Rxf8 17. Qd4 Qe7 18. Rfd1 Kf7 19. Rd3 Rfd8 20. e5 Qc5
21. Qf4+ Kg8 22. Rad1 Rf8 23. Qd4 Qc6 24. f3 Rcd8 25. Ne4 g5 26. Qe3 Ba8 27.
Nd6 Qc7 28. Rc3 Bc6 29. Kh1 Qb8 30. Qd3 Rf4 31. Qg6 Rdf8 32. Qh5 g4 33. Rxc6
dxc6 34. Ne4 gxf3 35. Nf6+ R8xf6 36. exf6 fxg2+ 37. Kxg2 Rxf6 38. Qc5 Qf4 39.
Qc2 Rf5 40. Rd8+ Kh7 41. Qd3 Qg4+ 42. Kh1 Qf3+ 0-1